书目信息 |
| 题名: |
东方笑神赵本山
|
|
| 作者: | 李东旭, , 马兰 著 | |
| 分册: | ||
| 出版信息: | 济南 山东友谊出版社 2002.12 |
|
| 页数: | 375页, [5] 页图版 | |
| 开本: | 21cm | |
| 丛书名: | ||
| 单 册: | ||
| 中图分类: | K825.78 | |
| 科图分类: | ||
| 主题词: | 演员--yan yuan--生平事迹--中国--现代 | |
| 电子资源: | ||
| ISBN: | 7-80642-631-0 | |
| 000 | 00893nam0 2200253 450 | |
| 001 | 012008140421 | |
| 005 | 20080322142355.71 | |
| 010 | @a7-80642-631-0@dCNY23.80 | |
| 100 | @a20080314d2002 km y0chiy0120 ea | |
| 101 | 0 | @achi |
| 102 | @aCN@b370000 | |
| 105 | @aafh z 000yb | |
| 106 | @ar | |
| 200 | 1 | @a东方笑神赵本山@Adong fang xiao shen zhao ben shan@f李东旭, 马兰著@Fli dong xu,ma lan zhu |
| 210 | @a济南@c山东友谊出版社@d2002.12 | |
| 215 | @a375页, [5] 页图版@c图 (部分彩图), 摹真@d21cm | |
| 330 | @a本书系统、全面地介绍了赵本山的人生经历,叙述了他从一个苦孩子成长为誉满海内外的小品艺术家的过程。 | |
| 600 | 0 | @a赵本山,@Azhao ben shan,@f1958-@x生平事迹 |
| 606 | 0 | @a演员@Ayan yuan@x生平事迹@y中国@z现代 |
| 690 | @aK825.78@v4 | |
| 701 | 0 | @a李东旭,@Ali dong xu,@f1956-@4著 |
| 701 | 0 | @a马兰@Ama lan@4著 |
| 801 | 0 | @aCN@bQSSK@c20080322 |
| 905 | @b20283894-96@dK825.78@eZ296@f3 | |
| 东方笑神赵本山/李东旭, 马兰著.-济南:山东友谊出版社,2002.12 |
| 375页, [5] 页图版:图 (部分彩图), 摹真;21cm |
| ISBN 7-80642-631-0:CNY23.80 |
| 本书系统、全面地介绍了赵本山的人生经历,叙述了他从一个苦孩子成长为誉满海内外的小品艺术家的过程。 |
| ● |
| 相关链接 |
|
|
|
正题名:东方笑神赵本山
索取号:K825.78/Z296
 
预约/预借
| 序号 | 登录号 | 条形码 | 馆藏地/架位号 | 状态 | 备注 |
| 1 | 283894 | 202838947 | 社科库309/309社科库 54排7列6层/ [索取号:K825.78/Z296] | 在馆 | |
| 2 | 283895 | 202838956 | 社科库309/309社科库 54排7列6层/ [索取号:K825.78/Z296] | 在馆 | |
| 3 | 283896 | 202838965 | 社科库309/309社科库 54排7列6层/ [索取号:K825.78/Z296] | 在馆 |